[Event "4th ch-Francophonie"]
[Site "?"]
[Date "2016.10.27"]
[Round "?"]
[White "Almagro Llamas, Pablo"]
[Black "Adly, Ahmed"]
[WhiteElo "2436"]
[BlackElo "2595"]
[Result "1-0"]

1. d4 d5 2. c4 e6 3. Nc3 Nf6 4. Bg5 Be7 5. e3 O-O 6. Nf3 h6 7. Bh4 b6 8. Rc1 Bb7 9. cxd5 Nxd5 10. Bxe7 Qxe7 11. Bd3 Rc8 12. O-O Nxc3 13. Rxc3 c5 14. dxc5 Nd7 15. c6 Rxc6 16. Rxc6 Bxc6 17. Nd4 Bb7 18. Be2 Ne5 19. Qa4 Qh4 20. Qa3 Qg5 21. g3 Nd7 22. Rc1 e5 23. Nb5 Nc5 24. Nd6 Bd5 25. Rd1 e4 26. b4 Nd3 27. Bxd3 exd3 28. e4 Be6 29. Rxd3 Qe5 30. Qc1 Bxa2 31. f4 Qe7 32. Qc6 Rf8 33. b5 Qf6 34. Qc3 Qxc3 35. Rxc3 Rd8 36. Rc8 Rf8 37. Rc7 Ra8 38. Rc8+ Rxc8 39. Nxc8 Kf8 40. Nxa7 Bc4 41. Kf2 Ke7 42. Nc8+ Ke6 43. Nxb6 Bxb5 44. Ke3 Ba6 45. Kd4 Bb7 46. Na4 Bc6 47. Nc5+ Kd6 48. Nd3 Bb7 49. h4 Bc8 50. Ne5 Be6 51. Nc4+ Ke7 52. Ne3 Kd6 53. f5 Bc8 54. e5+ Kd7 55. Nd5 Bb7 56. Nf4 Bf3 57. Ke3 Bd1 58. Nd5 Bb3 59. Nc3 Ke7 60. Ne4 f6 61. e6 h5 62. Nc3 g6 63. fxg6 Kxe6 64. Kf4 Bc2 65. Ne4 f5 66. g7 Kf7 67. Nd6+ Kxg7 68. Kg5 Bd1 69. Nxf5+ Kf7 70. Nd6+ Ke7 71. Ne4 Kf7 72. Nf6 Be2 73. Nxh5 Bd1 74. Nf4 Kg7 75. g4 Bc2 76. Ne6+ Kf7 77. Nd4 Bd1 78. Nf5 Be2 79. Kf4 Bd1 80. h5 Be2 81. Nd4 Bd1 82. Kf5 Kg7 83. Ne6+ Kf7 84. Nf4 Bc2+ 85. Ke5 Bd1 86. g5 Bc2 87. Ne6 Bd3 88. Nd4 Kg8 89. Kf6 Kh7 90. Nf5 Bc2 91. g6+ Kh8 92. h6 Bb3 93. Ke7 Kg8 94. h7+ Kh8 95. Kf8 Ba2 96. Nd6 Bb3 97. Nf7+ Bxf7 98. gxf7 

1-0

[Event "2nd Patrimon Open"]
[Site "?"]
[Date "2007.10.12"]
[Round "?"]
[White "Almagro Llamas, Pablo"]
[Black "Dgebuadze, Alexandre"]
[WhiteElo "2429"]
[BlackElo "2505"]
[Result "1-0"]

1. e4 e6 2. d4 d5 3. Nc3 Bb4 4. e5 Ne7 5. a3 Bxc3+ 6. bxc3 c5 7. Nf3 b6 8. h4 Ba6 9. Bd3 Qc8 10. h5 h6 11. Rh4 Bxd3 12. Qxd3 Nf5 13. Rf4 cxd4 14. Nxd4 Nxd4 15. cxd4 Qc4 16. Qxc4 dxc4 17. a4 Na6 18. Ra3 Nb4 19. Raf3 O-O 20. Rg4 Kh7 21. Kd2 f5 22. Rg6 Nc6 23. Kc3 Rad8 24. Ba3 Rfe8 25. Bd6 Na5 26. g4 Nb7 27. Ba3 Rd7 28. gxf5 Rf7 29. f6 gxf6 30. Bc1 f5 31. Rxh6+ Kg8 32. Rg3+ Rg7 33. Rxg7+ Kxg7 34. Rg6+ Kh7 35. Rh6+ Kg7 36. Rg6+ Kh7 37. Kxc4 Na5+ 38. Kd3 Nc6 39. Bg5 a6 40. c4 f4 41. Ke4 f3 42. Rh6+ Kg7 43. Rg6+ Kh7 44. Rf6 Kg8 45. Rxf3 Na5 46. d5 exd5+ 47. cxd5 Nc4 48. e6 b5 49. axb5 axb5 50. Kd4 Nd6 51. Bf4 Nc4 52. Kc5 Rf8 53. e7 Rc8+ 54. Kxb5 Kf7 55. Bc7+ Kxe7 56. Kxc4 Rxc7+ 57. Kd4 Rc1 58. Rh3 Rd1+ 59. Ke4 Re1+ 60. Kf4 Rf1 61. f3 Kf7 62. h6 Kg8 63. h7+ Kh8 64. Ke5 Re1+ 65. Kd6 Ra1 66. Ke6 Re1+ 67. Kd7 Rd1 68. d6 Rd2 69. Ke7 Re2+ 70. Kd8 Rd2 71. d7 Rd3 72. Rh6 Rxf3 73. Kc7 Rf7 74. Kc8 

1-0

[Event "Championship Individual Absoluto - Final"]
[Site "?"]
[Date "2013.06.07"]
[Round "?"]
[White "Almagro Llamas, Pablo"]
[Black "Moreno Ruiz, Javier"]
[WhiteElo "2466"]
[BlackElo "2486"]
[Result "1-0"]

1. e4 e6 2. d4 d5 3. exd5 exd5 4. Nf3 Bd6 5. c4 c6 6. Nc3 Ne7 7. cxd5 cxd5 8. Bd3 Nbc6 9. O-O Bg4 10. Re1 Qd7 11. h3 Bxf3 12. Qxf3 O-O 13. Be3 Bc7 14. Rad1 Rad8 15. Bc2 a6 16. Qh5 Ng6 17. Bb3 Nce7 18. Re2 Kh8 19. Rde1 b5 20. Bg5 f6 21. Bc2 Rfe8 22. Nxd5 fxg5 23. Nxe7 Nf8 24. Ng6+ 

1-0

[Event "Spanish Championship Rapid"]
[Site "?"]
[Date "2015.08.22"]
[Round "?"]
[White "Almagro Llamas, Pablo"]
[Black "Garriga Cazorla, Pere"]
[WhiteElo "2433"]
[BlackElo "2461"]
[Result "1-0"]

1. d4 Nf6 2. Nf3 e6 3. e3 c5 4. c4 b6 5. Nc3 Bb7 6. d5 d6 7. e4 e5 8. Be2 g6 9. O-O Bg7 10. Ne1 O-O 11. a3 Nbd7 12. Be3 Ne8 13. Qd2 Bc8 14. Nd3 f5 15. f4 Ndf6 16. fxe5 Nxe4 17. Nxe4 fxe4 18. Rxf8+ Bxf8 19. Nf2 dxe5 20. Nxe4 Bf5 21. Bg5 Be7 22. Bxe7 Qxe7 23. d6 Qe6 24. Bf3 Rd8 25. Nxc5 Qxd6 26. Bd5+ Kg7 27. Nb7 Qe7 28. Nxd8 Qxd8 29. Qc3 Qd6 30. Re1 Kf6 31. Qf3 h5 32. h3 Kg7 33. Qe3 Kf6 34. Qh6 Ng7 35. Rf1 e4 36. Qe3 Qc5 37. Qxc5 bxc5 38. Bxe4 Ke5 39. Bxf5 Nxf5 40. b4 cxb4 41. axb4 Ne3 42. Re1 Kd4 43. Rxe3 

1-0

[Event "Madrid Spain, City Team Championship"]
[Site "?"]
[Date "2014.03.01"]
[Round "?"]
[White "Almagro Llamas, Pablo"]
[Black "Candela Perez, Jose"]
[WhiteElo "2467"]
[BlackElo "2447"]
[Result "1-0"]

1. e4 e5 2. Nf3 Nc6 3. Bb5 a6 4. Ba4 Nf6 5. d3 d6 6. c3 g6 7. O-O Bg7 8. Bxc6+ bxc6 9. Re1 O-O 10. d4 Nd7 11. Bg5 Qe8 12. Nbd2 c5 13. Be3 cxd4 14. cxd4 f5 15. exf5 gxf5 16. dxe5 Nxe5 17. Bd4 Qb5 18. Rc1 c6 19. Nc4 Nxf3+ 20. gxf3 Bxd4 21. Qxd4 Qd5 22. Qf4 Ra7 23. Rcd1 Rg7+ 24. Kh1 Qc5 25. Rg1 Qxf2 26. Rxg7+ Kxg7 27. Rg1+ Kh8 28. Nxd6 Qxb2 29. Qh6 Qf6 30. Qxf6+ Rxf6 31. Nxc8 Re6 32. Rc1 Kg7 33. Rc2 

1-0

[Event "Madrid Spain, Liga Madrilena"]
[Site "?"]
[Date "2015.11.29"]
[Round "?"]
[White "Almagro Llamas, Pablo"]
[Black "Moreno Ruiz, Javier"]
[WhiteElo "2429"]
[BlackElo "2435"]
[Result "1-0"]

1. d4 Nf6 2. c4 g6 3. g3 Bg7 4. Bg2 O-O 5. Nc3 d6 6. Nf3 c6 7. O-O Qa5 8. Bd2 Qh5 9. Qb3 Na6 10. h3 Rb8 11. Ng5 e5 12. dxe5 dxe5 13. Bf3 Qh6 14. Rfd1 e4 15. Bg2 Qh5 16. Bf4 h6 17. Ngxe4 Nxe4 18. Nxe4 Ra8 19. g4 Qa5 20. Bd2 Qc7 21. Bc3 f5 22. gxf5 Bxf5 23. Bxg7 Qxg7 24. Nd6 Rab8 25. Qg3 Kh7 26. Rd2 Rf6 27. Rad1 Be6 28. Qc3 Rbf8 29. Ne4 Rf4 30. Qxg7+ Kxg7 31. e3 Rh4 32. Nd6 b6 33. Rd4 Rh5 34. Bxc6 Bxh3 35. Re4 Rg5+ 36. Kh2 Bg2 37. Re7+ Kf6 38. Re8 Bxc6 39. Rxf8+ Ke7 40. Rf7+ Ke6 41. f3 Nb4 42. e4 Nc2 43. f4 Ra5 44. f5+ gxf5 45. exf5+ Ke5 46. Re7+ Kf4 47. Rf1+ Kg5 48. Rg7+ Kh5 49. f6 Ne3 50. f7 Nxf1+ 51. Kg1 Nd2 52. f8=Q Nf3+ 53. Kf2 Rxa2 54. Qf7+ Kh4 55. Nf5+ 

1-0

[Event "Championship Individual Madrid"]
[Site "?"]
[Date "2012.06.12"]
[Round "?"]
[White "Almagro Llamas, Pablo"]
[Black "Taboas Rodriguez, Daniel"]
[WhiteElo "2454"]
[BlackElo "2410"]
[Result "1-0"]

1. c4 Nf6 2. Nf3 g6 3. d4 Bg7 4. Nc3 O-O 5. e4 d6 6. Be2 e5 7. Be3 Ng4 8. Bg5 f6 9. Bc1 Nc6 10. d5 Ne7 11. h3 Nh6 12. g4 Nf7 13. Qc2 c5 14. Bd3 a6 15. a4 Bh6 16. Bxh6 Nxh6 17. Nh2 g5 18. Nf1 Ng6 19. Ng3 Nf7 20. f3 Qa5 21. Kf2 Nh4 22. Nh5 Nh8 23. Nd1 Bd7 24. Ne3 Be8 25. Ng3 N8g6 26. Rhb1 Nf4 27. Bf1 Qb4 28. a5 b6 29. Qc3 bxa5 30. Qxb4 axb4 31. Ngf5 Nxf5 32. Nxf5 a5 33. Nxd6 a4 34. Ra2 Bd7 35. Rba1 Ra7 36. Nb5 Rfa8 37. Nxa7 Rxa7 38. Be2 b3 39. Ra3 Rb7 40. Rxa4 Bxa4 41. Rxa4 Nxh3+ 42. Ke3 Nf4 43. Bd1 h5 44. gxh5 Rh7 45. Ra8+ Kg7 46. Ra7+ Kg8 47. Rxh7 Kxh7 48. Bxb3 Nxh5 49. Ba4 Kg7 50. b4 f5 51. b5 f4+ 52. Kf2 g4 53. b6 

1-0

[Event "Madrid Spain, Closed IM"]
[Site "?"]
[Date "2004.04.07"]
[Round "?"]
[White "Almagro Llamas, Pablo"]
[Black "Escobar Forero, Alder"]
[WhiteElo "2389"]
[BlackElo "2405"]
[Result "1-0"]

1. e4 c5 2. Nf3 e6 3. d4 cxd4 4. Nxd4 a6 5. Nc3 b5 6. Bd3 d6 7. f4 Bb7 8. Qe2 Nf6 9. O-O Be7 10. Nf3 b4 11. Na4 e5 12. Bd2 O-O 13. Bxb4 exf4 14. Bd2 Nh5 15. Nc3 Nd7 16. Kh1 g6 17. Bc4 Nb6 18. Bd3 Bf6 19. Ng1 d5 20. Nxd5 Nxd5 21. exd5 Qxd5 22. Bxf4 Rae8 23. Qg4 Bc8 24. Qf3 Qxf3 25. Rxf3 Nxf4 26. Rxf4 Bxb2 27. Rb1 Bg7 28. Ra4 Re6 29. Nf3 Bf6 30. Rb8 Kg7 31. Kg1 Bd8 32. Rc4 Bd7 33. Kf1 Rb6 34. Rxb6 Bxb6 35. Ne5 Bb5 36. Rb4 Bc5 37. Rb1 f6 38. Nf3 Bxd3+ 39. cxd3 Rd8 40. Rb7+ Kh6 41. Rc7 Bd6 42. Rc6 a5 43. d4 Kg7 44. Ke2 h5 45. Kd3 g5 46. d5 Kf7 47. h3 a4 48. Ke4 Bf4 49. Ra6 a3 50. Rxa3 Re8+ 51. Kf5 Rd8 52. Ra7+ Kf8 53. Ke6 Rd6+ 54. Kf5 Rxd5+ 55. Kxf6 Rd6+ 56. Kf5 Rd5+ 57. Kg6 g4 58. Rf7+ Kg8 59. Rxf4 gxf3 60. Rxf3 Rd2 61. Rg3 h4 62. Rg4 Rxa2 63. Kh5+ Kh7 64. Kxh4 Kh6 65. g3 Ra6 66. Rc4 Kg6 67. g4 Rd6 68. Rc3 Ra6 69. Kg3 Rb6 70. h4 Kh6 71. h5 Rb1 72. Rc6+ Kg7 73. Kh4 Rb5 74. Rc4 Ra5 75. g5 Ra1 76. Rc7+ Kg8 77. h6 Ra4+ 78. Kh5 Ra6 79. Rc8+ 

1-0

[Event "Championship Individual Absoluto - Final"]
[Site "?"]
[Date "2013.06.03"]
[Round "?"]
[White "Almagro Llamas, Pablo"]
[Black "Taboas Rodriguez, Daniel"]
[WhiteElo "2466"]
[BlackElo "2403"]
[Result "1-0"]

1. e4 e6 2. d4 d5 3. Nd2 c5 4. Ngf3 Nc6 5. Bb5 Nf6 6. exd5 Nxd5 7. O-O Bd7 8. dxc5 Bxc5 9. Ne4 Be7 10. c4 Nb6 11. Bf4 O-O 12. Qe2 a6 13. Bxc6 Bxc6 14. Rfd1 Qc8 15. b3 Bxe4 16. Qxe4 Nd7 17. Ne5 Nxe5 18. Bxe5 Rd8 19. Rxd8+ Bxd8 20. Rd1 Be7 21. h4 f6 22. Bd6 Qd7 23. c5 Rc8 24. Rd4 Rd8 25. Bxe7 Qxe7 26. Rxd8+ Qxd8 27. Qxe6+ Kf8 28. g3 Qe7 29. Qd5 g5 30. hxg5 fxg5 31. c6 bxc6 32. Qxc6 Qe2 33. Qh6+ Ke8 34. Qxg5 Qe1+ 35. Kg2 Qe4+ 36. Kh2 Qc2 37. Qe3+ Kf7 38. Qf3+ Kg6 39. a4 h5 40. Kg2 Kg5 41. Qf4+ Kg6 42. Qc4 

1-0

[Event "15th Abierto de la Constitucion"]
[Site "?"]
[Date "2013.12.04"]
[Round "?"]
[White "Almagro Llamas, Pablo"]
[Black "Roa Alonso, Santiago"]
[WhiteElo "2467"]
[BlackElo "2401"]
[Result "1-0"]

1. Nf3 Nf6 2. g3 d5 3. Bg2 c5 4. O-O Nc6 5. d4 e6 6. c4 Be7 7. cxd5 exd5 8. Nc3 O-O 9. dxc5 Bxc5 10. Na4 Bb6 11. Bg5 d4 12. Nxb6 axb6 13. e3 h6 14. Bxf6 Qxf6 15. Nxd4 Rd8 16. Qf3 Nxd4 17. exd4 Qxf3 18. Bxf3 Rxd4 19. Rfd1 Raa4 20. b3 Rab4 21. a3 Rxd1+ 22. Rxd1 Rxb3 23. Rd8+ Kh7 24. Be4+ f5 25. Bc2 

1-0

[Event "Spanish Championship CECLUB Sur Division 1"]
[Site "?"]
[Date "2007.08.23"]
[Round "?"]
[White "Almagro Llamas, Pablo"]
[Black "Andres Gonzalez, Ivan"]
[WhiteElo "2413"]
[BlackElo "2392"]
[Result "1-0"]

1. e4 c5 2. Nf3 Nc6 3. Bb5 g6 4. O-O Bg7 5. Bxc6 dxc6 6. h3 Nf6 7. Nc3 O-O 8. d3 b6 9. Bf4 Nh5 10. Bh2 Re8 11. e5 Bh6 12. Qe2 f5 13. d4 Be6 14. Rfd1 Qc7 15. dxc5 bxc5 16. Na4 Qa5 17. b3 Rad8 18. c4 Ng7 19. Rxd8 Rxd8 20. Rd1 Rc8 21. Ne1 f4 22. Nf3 Nf5 23. Qd2 Qb4 24. Bxf4 Bg7 25. Ng5 Bf7 26. Ne4 Qb8 27. e6 

1-0

[Event "15th Abierto de la Constitucion"]
[Site "?"]
[Date "2013.12.05"]
[Round "?"]
[White "Almagro Llamas, Pablo"]
[Black "Valles Moreno, Ivan"]
[WhiteElo "2467"]
[BlackElo "2373"]
[Result "1-0"]

1. e4 g6 2. d4 d6 3. Nc3 Bg7 4. Be3 c6 5. Qd2 b5 6. f3 Qc7 7. g4 Nd7 8. Nge2 Nb6 9. Ng3 Bb7 10. b3 Nf6 11. g5 Nfd7 12. a4 b4 13. Nce2 a5 14. h4 c5 15. h5 Rg8 16. c4 cxd4 17. Bxd4 Bxd4 18. Qxd4 Nc5 19. Qe3 e5 20. Bh3 Bc6 21. Nf1 Qe7 22. hxg6 hxg6 23. Nd2 Kd8 24. O-O-O Kc7 25. Bg4 Rh8 26. Rh6 Rxh6 27. gxh6 Qh4 28. Rg1 Rh8 29. f4 Qxh6 30. Kc2 Re8 31. Rf1 Kb7 32. Qf3 f5 33. Bh3 exf4 34. Nxf4 Nxe4 35. Bg2 g5 36. Rh1 Qg7 37. Ne2 Qe5 38. Rh7+ Ka6 39. Qd3 Qc5 40. Nd4 Bb7 41. Nb5 Rc8 42. Bxe4 fxe4 43. Nxe4 Qf5 44. Rxb7 

1-0

[Event "4th Tch-ESP Selecciones Autonomicas"]
[Site "?"]
[Date "2009.04.30"]
[Round "?"]
[White "Almagro Llamas, Pablo"]
[Black "Mascaro March, Pedro"]
[WhiteElo "2479"]
[BlackElo "2367"]
[Result "1-0"]

1. e4 e5 2. Nf3 Nc6 3. Bb5 a6 4. Ba4 Nf6 5. O-O Be7 6. Re1 b5 7. Bb3 d6 8. c3 O-O 9. h3 Bb7 10. d4 Nd7 11. Nbd2 Bf6 12. Nf1 Re8 13. d5 Na5 14. Bc2 Nc4 15. a4 bxa4 16. Rxa4 Ncb6 17. Ra1 a5 18. Ne3 Nc5 19. c4 c6 20. Bd2 cxd5 21. cxd5 a4 22. Bb4 Qd7 23. Bxc5 dxc5 24. Bd3 Ba6 25. Bxa6 Rxa6 26. Qc2 Ra5 27. Nd2 Rea8 28. Nec4 Nxc4 29. Nxc4 R5a6 30. d6 g6 31. Red1 Qb5 32. Rd5 Kg7 33. Rad1 Rd8 34. g3 h5 35. h4 Qb4 36. Kg2 Rd7 37. R5d3 Rd8 38. Rc3 Rd7 39. Qd2 Qb7 40. Rd3 Qc6 41. Qe3 

1-0

[Event "Llucmajor Spain, Open"]
[Site "?"]
[Date "2013.05.05"]
[Round "?"]
[White "Almagro Llamas, Pablo"]
[Black "Sudakova, Irina"]
[WhiteElo "2442"]
[BlackElo "2340"]
[Result "1-0"]

1. e4 c5 2. Nf3 d6 3. d4 cxd4 4. Nxd4 Nf6 5. Nc3 Nc6 6. Bg5 e6 7. Qd2 a6 8. f3 Bd7 9. O-O-O Rc8 10. Kb1 h6 11. Be3 b5 12. Nxc6 Bxc6 13. h4 Qc7 14. Bd3 Be7 15. g4 Nd7 16. Ne2 Nc5 17. Nf4 Na4 18. b3 Bf6 19. Ne2 Nb2 20. Rc1 Qb7 21. g5 Nxd3 22. cxd3 hxg5 23. hxg5 Rxh1 24. Rxh1 Be7 25. g6 fxg6 26. Nf4 Kd7 27. Nxg6 Bf6 28. Bg5 Bd4 29. Qf4 Re8 30. Rc1 Kc7 31. Ne7 Rxe7 32. Bxe7 e5 33. Qf8 Kb6 34. Bxd6 Qd7 35. Qb8+ 

1-0

[Event "5th CAMPEONATO IBEROAMERICANO Individual ABSOLUTO"]
[Site "?"]
[Date "2014.07.30"]
[Round "?"]
[White "Almagro Llamas, Pablo"]
[Black "Larrea, Manuel"]
[WhiteElo "2492"]
[BlackElo "2333"]
[Result "1-0"]

1. e4 c5 2. Nf3 Nc6 3. Bb5 g6 4. Bxc6 dxc6 5. d3 Bg7 6. O-O Nf6 7. h3 O-O 8. a3 b6 9. Nc3 a5 10. Bf4 Ba6 11. Qd2 Re8 12. Rfe1 Nd7 13. e5 Nf8 14. Bh6 Ne6 15. Re4 Bh8 16. Rae1 Qd7 17. Qe3 Rad8 18. Ne2 Bc8 19. Rh4 Qd5 20. Nf4 Qa2 21. Qc1 f6 22. Nxe6 Bxe6 23. b3 Bd5 24. Nd2 fxe5 25. Ne4 Bxe4 26. Rexe4 Rd4 27. Be3 Rxe4 28. Rxe4 Bf6 29. h4 Kf7 30. a4 Rd8 31. h5 gxh5 32. Qd1 Kg6 33. Bd2 Qb2 34. Re3 Rd4 35. Rg3+ Rg4 36. Rxg4+ hxg4 37. Qxg4+ Kf7 38. Qc4+ Kg7 39. Kf1 Qa1+ 40. Ke2 Qd4 41. Qe6 Qd5 42. Qg4+ Kf7 43. Qh5+ Kg8 44. Qe8+ Kg7 45. f3 Qd6 46. Qh5 Qd7 47. g4 Kg8 48. Be3 e6 49. g5 Bg7 50. Qg4 Qf7 51. Qc4 Qd7 52. Qa6 Qc7 53. Bf2 Kf7 54. Qa8 Bf8 55. Qa6 Bg7 56. Qc4 Bf8 57. c3 Qd7 58. Qe4 Kg8 59. Qxe5 Qd5 60. Qxd5 cxd5 61. Bg3 Bg7 62. c4 dxc4 63. bxc4 e5 64. f4 exf4 65. Bxf4 Kf7 66. Bc7 Bc3 67. Bxb6 Bb4 68. Kf3 Kg6 69. Kg4 Bd2 70. Bd8 Bc3 71. Be7 Bb4 72. Bd6 Bd2 73. Bf4 Bc3 74. Be3 Bb4 75. Kf4 Ba3 76. Ke4 Bb4 77. Kd5 Kf5 78. Bc1 Kg4 79. d4 cxd4 80. Kxd4 Kf5 81. Kd5 Be7 82. c5 Bd8 83. Kd6 

1-0

[Event "5th CAMPEONATO IBEROAMERICANO Individual ABSOLUTO"]
[Site "?"]
[Date "2014.07.26"]
[Round "?"]
[White "Almagro Llamas, Pablo"]
[Black "Gutierrez Olivares, Daniel"]
[WhiteElo "2492"]
[BlackElo "2331"]
[Result "1-0"]

1. d4 e6 2. Nf3 Nf6 3. e3 c5 4. Bd3 b6 5. O-O cxd4 6. exd4 Be7 7. c4 Bb7 8. Nc3 d6 9. d5 e5 10. Rb1 O-O 11. b4 Nbd7 12. Ne1 a6 13. Be3 Rc8 14. Rc1 g6 15. Be2 Ne8 16. Qb3 Bg5 17. Bxg5 Qxg5 18. Nd3 Qe7 19. Rfe1 Ng7 20. Bf1 Nf5 21. Ne4 Nd4 22. Qb2 f5 23. Nxd6 Qxd6 24. Nxe5 Nxe5 25. Qxd4 Ng4 26. g3 Qxb4 27. Rb1 Qc5 28. Qxc5 Rxc5 29. Rxb6 Rf7 30. f3 Nh6 31. Kf2 Kf8 32. Reb1 Bc8 33. Ke3 Rfc7 34. Kd4 Nf7 35. d6 R7c6 36. Rxc6 Rxc6 37. c5 Nd8 38. Bc4 Ke8 39. Re1+ Kf8 40. Bd5 Bd7 41. Re7 Be8 42. Rxh7 Nf7 43. Rxf7+ 

1-0

[Event "81st Spanish Championship Rapid"]
[Site "?"]
[Date "2016.08.14"]
[Round "?"]
[White "Almagro Llamas, Pablo"]
[Black "Almagro Mazariegos, Sebastian"]
[WhiteElo "2436"]
[BlackElo "2303"]
[Result "1-0"]

1. d4 Nf6 2. Nf3 e6 3. e3 b6 4. Bd3 Bb7 5. O-O c5 6. c4 Be7 7. Nc3 cxd4 8. exd4 d5 9. cxd5 Nxd5 10. Ne5 O-O 11. Qg4 Nd7 12. Bh6 Bf6 13. Qe4 g6 14. Bxf8 Kxf8 15. Nxd5 Bxd5 16. Qf4 Kg7 17. Be4 Nxe5 18. dxe5 Bg5 19. Qf3 Bxe4 20. Qxe4 Rc8 21. Rfd1 Qc7 22. h4 Be7 23. Rd2 Qc5 24. Rad1 Rc7 25. g3 h5 26. Rd7 a5 27. Rxc7 Qxc7 28. Kg2 Bc5 29. a3 Bf8 30. Rd2 Bc5 31. b4 axb4 32. axb4 Be7 33. Rc2 Qd7 34. Rc6 Bxb4 35. Rxb6 Bc5 36. Rb7 Qe8 37. Qf3 Be7 38. Ra7 Qd8 39. Qb7 

1-0

[Event "CAMPEONATO DE ESPAA UNIVERSITARIO DE AJEDREZ"]
[Site "?"]
[Date "2011.05.10"]
[Round "?"]
[White "Almagro Llamas, Pablo"]
[Black "Fernandez Borrego, Pablo"]
[WhiteElo "2465"]
[BlackElo "2302"]
[Result "1-0"]

1. c4 e6 2. g3 Nf6 3. Bg2 d5 4. Nf3 Be7 5. O-O O-O 6. b3 a5 7. d3 a4 8. Bb2 b6 9. Nbd2 Bb7 10. Re1 Nbd7 11. Qc2 Re8 12. h3 Bf8 13. Rac1 axb3 14. axb3 dxc4 15. bxc4 Ba3 16. Nb3 Qe7 17. Bxa3 Rxa3 18. c5 Bd5 19. Nfd4 Rea8 20. cxb6 cxb6 21. Bxd5 Nxd5 22. Nb5 Ra2 23. Qc4 h5 24. h4 R8a4 25. Qc8+ Kh7 26. N3d4 Nc5 27. Nf3 Qf6 28. Ng5+ Kg6 29. Qh8 Kf5 30. Qxh5 Qg6 31. Qf3+ Nf4 32. e4+ Kf6 33. Qxf4+ 

1-0

[Event "24th Torneo Magistral Internacional de Elgoibar"]
[Site "?"]
[Date "2014.12.16"]
[Round "?"]
[White "Spraggett, Kevin"]
[Black "Almagro Llamas, Pablo"]
[WhiteElo "2561"]
[BlackElo "2487"]
[Result "0-1"]

1. d4 Nf6 2. c4 e6 3. Nf3 b6 4. Nc3 Bb4 5. Qc2 Bb7 6. a3 Bxc3+ 7. Qxc3 Ne4 8. Qc2 O-O 9. e3 d5 10. Bd3 Nd7 11. b4 c5 12. dxc5 bxc5 13. O-O Rc8 14. Bb2 Qe7 15. b5 Nb6 16. cxd5 exd5 17. a4 Rfd8 18. Rfd1 c4 19. Bf1 Nd7 20. Nd4 f6 21. f3 Nec5 22. Re1 Ne5 23. Ba3 Qf7 24. Bxc5 Rxc5 25. Qc3 Rdc8 26. Kh1 Re8 27. Rab1 f5 28. a5 Nd7 29. g3 Re7 30. a6 Ba8 31. Bg2 Re8 32. Rbd1 Qf6 33. Qa3 g6 34. f4 Nb6 35. Kg1 Rc7 36. Qc3 Qd6 37. Ra1 Rce7 38. Bf1 Nd7 39. Re2 Nf6 40. Rd1 Kf7 41. h3 h5 42. Rb1 Qb6 43. Bg2 Rc8 44. Kh2 Rce8 45. Rbb2 Rc8 46. Nf3 d4 47. Qxd4 Qxd4 48. Nxd4 Bxg2 49. Kxg2 c3 50. Rb3 Nd5 51. Kf2 Rc5 52. Kf3 Re4 53. Nc2 Ra4 54. e4 fxe4+ 55. Rxe4 Ra2 56. Re2 Rb2 57. Ra3 Rbxb5 58. Re1 Nb4 59. Nd4 Rb6 60. Nb3 Rc7 61. Nd4 Rc4 62. Re4 c2 63. Nb3 Rc3+ 64. Re3 Rxb3 

0-1

[Event "Spanish Championship Selecciones Autonomicas"]
[Site "?"]
[Date "2011.05.01"]
[Round "?"]
[White "Del Rio De Angelis, Salvador G"]
[Black "Almagro Llamas, Pablo"]
[WhiteElo "2502"]
[BlackElo "2472"]
[Result "0-1"]

1. d4 Nf6 2. c4 e6 3. Nc3 Bb4 4. e3 b6 5. Ne2 Ba6 6. Ng3 O-O 7. Bd3 c5 8. O-O cxd4 9. exd4 Nc6 10. Nce2 Be7 11. Qa4 Nb4 12. Bd2 Nxd3 13. Qxa6 Nb4 14. Qa4 Nc6 15. b4 a6 16. Qb3 b5 17. c5 Nd5 18. a3 f5 19. Rfd1 Qb8 20. Be1 Bg5 21. Nc3 Nce7 22. Nge2 Nc7 23. Bd2 Bxd2 24. Rxd2 Qb7 25. Nf4 g5 26. Nd3 a5 27. Re1 Ncd5 28. Ne5 Nf4 29. d5 Nexd5 30. Nxd5 Nxd5 31. Qg3 h6 32. h4 g4 33. f3 axb4 34. fxg4 Rxa3 35. Nd3 f4 36. Qf3 Qc6 37. Qe4 Ne7 38. Nxb4 Qxc5+ 39. Kh2 Re3 40. Rxe3 Qxe3 41. Qc2 Qg3+ 42. Kg1 Qe1+ 

0-1

[Event "Championship Individual Absoluto - Final"]
[Site "?"]
[Date "2013.06.06"]
[Round "?"]
[White "Moreno Ruiz, Javier"]
[Black "Almagro Llamas, Pablo"]
[WhiteElo "2486"]
[BlackElo "2466"]
[Result "0-1"]

1. d4 Nf6 2. c4 e6 3. Nc3 Bb4 4. Qc2 O-O 5. a3 Bxc3+ 6. Qxc3 b6 7. Bg5 Bb7 8. e3 d6 9. Ne2 Nbd7 10. Qc2 c5 11. Rd1 d5 12. cxd5 exd5 13. Nc3 c4 14. Be2 a6 15. O-O Qe8 16. Qf5 b5 17. Rfe1 Qe6 18. Qxe6 fxe6 19. Bf3 Bc6 20. e4 dxe4 21. Nxe4 Nxe4 22. Bxe4 Bxe4 23. Rxe4 Rfe8 24. Rde1 Kf7 25. R1e3 h6 26. Rf3+ Kg8 27. Bd2 Nf6 28. Re5 Rad8 29. Bc3 Rd5 30. Re1 Kf7 31. h3 Rf5 32. Rg3 Nd5 33. Bd2 Rd8 34. Ba5 Rd7 35. Bd2 Rf6 36. Rg4 Rf5 37. Rge4 Rd6 38. Ba5 Rf4 39. f3 Rf5 40. Kh2 Ke7 41. Kg3 Kd7 42. Rg4 Rf7 43. Rge4 Rf6 44. Bd2 Ne7 45. Kf2 Nc6 46. Bf4 Rd5 47. Be5 Rf7 48. Rg4 g5 49. h4 Rf5 50. Bg7 h5 51. Rxg5 Rxg5 52. hxg5 Rxg5 53. Bf6 Rf5 54. Bh8 Kd6 55. Ke3 Rg5 56. Re2 Kd5 57. Kf4 Rf5+ 58. Kg3 a5 59. Kh4 Nxd4 60. Bxd4 Kxd4 61. Rxe6 b4 62. axb4 axb4 63. g4 Rxf3 64. gxh5 Rf2 65. h6 Rxb2 66. Kg3 Ra2 67. h7 Ra8 68. Kf3 b3 69. Ke2 b2 70. Rb6 Ke5 

0-1

[Event "Linares Spain, Team ChampionshipDivision Honor"]
[Site "?"]
[Date "2015.08.15"]
[Round "?"]
[White "Moreno Ruiz, Javier"]
[Black "Almagro Llamas, Pablo"]
[WhiteElo "2467"]
[BlackElo "2433"]
[Result "0-1"]

1. d4 Nf6 2. c4 e6 3. Nc3 Bb4 4. e3 O-O 5. Nge2 Re8 6. a3 Bf8 7. Ng3 d5 8. Be2 g6 9. e4 Nxe4 10. Ngxe4 dxe4 11. Nxe4 Nc6 12. Bg5 Be7 13. Be3 f5 14. Nc3 Bf6 15. d5 exd5 16. cxd5 Ne5 17. O-O Nf7 18. Bb5 Bd7 19. Qb3 Nd6 20. Bxd7 Qxd7 21. Rfe1 Re7 22. Bd2 Rae8 23. h3 Rxe1+ 24. Rxe1 Rxe1+ 25. Bxe1 f4 26. Qd1 Qf5 27. f3 a6 28. Qe2 Qe5 29. b3 Qxe2 30. Nxe2 g5 31. Kf2 Kf7 32. g3 fxg3+ 33. Kxg3 Nf5+ 34. Kg4 Kg6 35. f4 Ne3+ 36. Kf3 Nxd5 37. fxg5 Kxg5 38. Ke4 c6 39. a4 Bb2 40. Ng1 Nf6+ 41. Ke3 Kf5 42. Ne2 Nd5+ 43. Kf3 Be5 44. Bd2 Nc7 45. Bc1 Ne6 46. Be3 Bd6 47. Nd4+ Nxd4+ 48. Bxd4 Bf4 49. Bb6 Bg5 50. Bc7 Bf6 51. Bg3 b5 52. axb5 cxb5 53. Bc7 Bc3 54. Bb6 Ke5 55. Ke3 a5 56. Bc7+ Kd5 57. Kd3 Bb4 58. Bf4 h5 59. Bc1 Be7 60. Bd2 a4 61. bxa4 bxa4 62. Bc1 Ke5 63. Ke2 Ke4 64. Bb2 Kf4 65. Kf2 Bc5+ 66. Kg2 Ke4 67. Kg3 Bd4 68. Ba3 Bf6 69. Kf2 Kd3 70. Kf3 Kc2 71. Ke2 Bc3 72. Bf8 Kb3 73. Kd1 Bb4 74. Bg7 a3 75. Kc1 a2 

0-1

[Event "15th Abierto de la Constitucion"]
[Site "?"]
[Date "2013.12.03"]
[Round "?"]
[White "Rubio Mejia, Luis Ignacio"]
[Black "Almagro Llamas, Pablo"]
[WhiteElo "2452"]
[BlackElo "2467"]
[Result "0-1"]

1. d4 Nf6 2. c4 e6 3. Nc3 Bb4 4. Qc2 O-O 5. e4 d5 6. e5 Ne4 7. a3 Bxc3+ 8. bxc3 c5 9. Bd3 Nc6 10. Ne2 cxd4 11. cxd4 Qa5+ 12. Kf1 f6 13. Bxe4 dxe4 14. exf6 Rxf6 15. Be3 Qa6 16. Kg1 Na5 17. Rc1 Bd7 18. Ng3 Rg6 19. Nxe4 Rc8 20. c5 Rf8 21. Ng3 Bc6 22. f3 Bd5 23. Kf2 Qc6 24. Rhe1 Nc4 25. Kg1 Nxa3 26. Qd3 Nb5 27. Bf2 a6 28. Ne4 Qe8 29. Bg3 Qd8 30. Be5 Qh4 31. Ng3 Rf7 32. Qe3 Na7 33. Ne4 Qd8 34. Bg3 h5 35. h3 h4 36. Bd6 Nc6 37. Kh1 Rf5 38. Nf2 Rxg2 39. Kxg2 Rxf3 40. Qxf3 Qg5+ 41. Ng4 Nxd4 42. Qxd5 Qxd5+ 43. Kg1 Nf3+ 44. Kf2 Ng5 45. Ne5 Qd2+ 46. Kg1 Nxh3+ 47. Kh1 Nf2+ 48. Kg1 Ne4 49. Rxe4 Qxc1+ 50. Kf2 h3 51. Nf3 Qc2+ 52. Re2 Qg6 53. Ke3 Qf5 54. Nd4 Qd5 55. Kd3 a5 56. Kc3 a4 57. Re5 Qa2 58. Re2 Qa1+ 59. Kc4 a3 60. Rh2 Qc1+ 61. Kb3 Qd1+ 62. Nc2 g5 63. Rxh3 a2 64. Kxa2 Qxc2+ 65. Ka3 g4 66. Rb3 Qe4 67. Rb4 Qf3+ 68. Rb3 Qc6 69. Kb4 Kf7 70. Rg3 Qe4+ 71. Ka5 Kg6 72. Kb6 Kf5 73. Ka7 e5 74. Rg1 Ke6 75. Rg3 Kd7 76. Kb6 Qb4+ 

0-1